=LDR 00000nam 2200000 4500 =001 INLIS000000000043089 =005 20131008102007 =008 ***********************************Ind** =035 ##$$0010-101300000001011 =041 ##$$a Ind =082 ##$$a 275.34 =090 ##$$a 275.34, Mut b =100 ##$$a MUTASIM, Rajasa =245 ##$$a Bisnis kaum sufi, Radjasa Mutasim dan Abdul Manan Mulkan =260 ##$$a 1992 $b Jakarta =300 ##$$a x, 251 hlm., 21 cm =650 ##$$a Syazaliyah =850 ##$$a NBPNMAT =990 ##$$a 0001/BPAP-NTB/20142015